000 00556nam a2200181Ia 4500
005 20250508161509.0
008 008 250505s9999 xx 000 0 eng d
037 _aBooks to be hide in OPAC
040 _aFEDL
_beng
_cFEDL
041 _aeng
_2eng
084 _a510, NCE/O
_qFEDL
100 _aKapur J N
245 0 _aTeacher's guide: Insight into mathematics. Book 1
260 _aNew Delhi, India
_bNational Council of Educational Research and Training
_c1968
300 _a86p.
942 _cHB
_h510, NCE/O
999 _c1370325
_d1370325